Companion to philosophy of law and legal theory. (Record no. 588966)

MARC details
000 -LEADER
fixed length control field 00657nam a2200217Ia 4500
003 - CONTROL NUMBER IDENTIFIER
control field OSt
005 - DATE AND TIME OF LATEST TRANSACTION
control field 20250328154630.0
008 - FIXED-LENGTH DATA ELEMENTS--GENERAL INFORMATION
fixed length control field 220923b |||||||| |||| 00| 0 eng d
020 ## - INTERNATIONAL STANDARD BOOK NUMBER
International Standard Book Number 9780631213291
037 ## - SOURCE OF ACQUISITION
Terms of availability General Book
040 ## - CATALOGING SOURCE
Original cataloging agency RTL
Transcribing agency RTL
Language of cataloging eng
041 ## - LANGUAGE CODE
Source of code eng
Language code of text/sound track or separate title eng
100 ## - MAIN ENTRY--PERSONAL NAME
Personal name PATTERSON Dennis
9 (RLIN) 295790
245 #0 - TITLE STATEMENT
Title Companion to philosophy of law and legal theory.
260 ## - PUBLICATION, DISTRIBUTION, ETC.
Place of publication, distribution, etc. Malden
Name of publisher, distributor, etc. Blackwell Publishing
Date of publication, distribution, etc. 1996
300 ## - PHYSICAL DESCRIPTION
Extent xii,602p.
Dimensions cm.
500 ## - GENERAL NOTE
General note Glossary: p 841-53
650 ## - SUBJECT ADDED ENTRY--TOPICAL TERM
Topical term or geographic name entry element Sociology
942 ## - ADDED ENTRY ELEMENTS (KOHA)
Classification part R:(Z), N6/NTI
Koha item type General Books
Source of classification or shelving scheme Colon Classification (CC)
Suppress in OPAC No
Holdings
Withdrawn status Lost status Damaged status Not for loan Home library Current library Date acquired Source of acquisition Cost, normal purchase price Total Checkouts Full call number Barcode Date last seen Cost, replacement price Price effective from Koha item type
        Ratan Tata Library Ratan Tata Library 2022-09-25 892, 18/03/2014, Pranami Book Service 3929.20   R:(Z) N6/NTI RT1459643 2022-09-25 3929.20 2022-09-25 General Books
Copyright @ Delhi University Library System